Pythium management by using garli in greenhouse condition on tomato,ការគ្រប់គ្រងជំងឺភីស្យូម លើដំណាំប៉េងប៉ោះដោយប្រើខ្ទឹមស ក្រោមលក្ខខណ្ឌផ្ទះកញ្ចក់ (Record no. 1741)
[ view plain ]
| 000 -LEADER | |
|---|---|
| fixed length control field | 00659nam a22001577a 4500 |
| 003 - CONTROL NUMBER IDENTIFIER | |
| control field | OSt |
| 005 - DATE AND TIME OF LATEST TRANSACTION | |
| control field | 20151003093812.0 |
| 008 - FIXED-LENGTH DATA ELEMENTS--GENERAL INFORMATION | |
| fixed length control field | 151003b xxu||||| |||| 00| 0 eng d |
| 040 ## - CATALOGING SOURCE | |
| Transcribing agency | RUA |
| 082 ## - DEWEY DECIMAL CLASSIFICATION NUMBER | |
| Classification number | AGR OEU 2012 B050 Or.1 |
| 100 ## - MAIN ENTRY--PERSONAL NAME | |
| 9 (RLIN) | 1843 |
| Personal name | OEURN, SAMOUL |
| 245 ## - TITLE STATEMENT | |
| Title | Pythium management by using garli in greenhouse condition on tomato,ការគ្រប់គ្រងជំងឺភីស្យូម លើដំណាំប៉េងប៉ោះដោយប្រើខ្ទឹមស ក្រោមលក្ខខណ្ឌផ្ទះកញ្ចក់ |
| 260 ## - PUBLICATION, DISTRIBUTION, ETC. (IMPRINT) | |
| Place of publication, distribution, etc. | Phnom Penh |
| Name of publisher, distributor, etc. | RUA |
| Date of publication, distribution, etc. | 2012 |
| 300 ## - PHYSICAL DESCRIPTION | |
| Extent | xi; 54p. |
| Other physical details | ill. |
| Dimensions | 29cm. |
| 942 ## - ADDED ENTRY ELEMENTS (KOHA) | |
| Source of classification or shelving scheme | |
| Koha item type | AGR |
| Price effective from | Date last seen | Permanent Location | Not for loan | Date acquired | Source of classification or shelving scheme | Koha item type | Lost status | Withdrawn status | Total Renewals | Date last checked out | Total Checkouts | Shelving location | Damaged status | Barcode | Current Location | Full call number |
|---|---|---|---|---|---|---|---|---|---|---|---|---|---|---|---|---|
| 2015-10-03 | 2018-07-23 | Library Block B | 2015-10-03 | AGR | 3 | 2018-07-07 | 3 | B050 | RUA001023 | Library Block B | AGR OEU 2012 B050 Or.1 | |||||
| 2015-10-03 | 2015-10-03 | Library Block B | 2015-10-03 | AGR | B050 | RUA001027 | Library Block B | AGR OEU 2012 B050 Or.2 | ||||||||
| 2015-10-03 | 2018-12-14 | Library Block B | 2015-10-03 | AGR | 2018-11-28 | 4 | B050 | RUA001026 | Library Block B | AGR OEU 2012 B050 Or.3 | ||||||
| 2015-10-03 | 2018-11-26 | Library Block B | 2015-10-03 | AGR | 2018-11-12 | 2 | B050 | RUA001025 | Library Block B | AGR OEU 2012 B050 Or.4 | ||||||
| 2015-10-03 | 2017-10-18 | Library Block B | 2015-10-03 | AGR | 2017-09-02 | 2 | B050 | RUA001024 | Library Block B | AGR OEU 2012 B050 Or.5 | ||||||
| 2019-02-11 | 2019-02-11 | Library Block B | 2019-02-11 | AGR | B1.218 | A40243 | Library Block B | AGR OEU 2012 B1.218 Or.1 |